<?xml version="1.0" encoding="UTF-8"?>
<record
    xmlns:xsi="http://www.w3.org/2001/XMLSchema-instance"
    xsi:schemaLocation="http://www.loc.gov/MARC21/slim http://www.loc.gov/standards/marcxml/schema/MARC21slim.xsd"
    xmlns="http://www.loc.gov/MARC21/slim">

  <leader>01666nam a22002057a 4500</leader>
  <datafield tag="999" ind1=" " ind2=" ">
    <subfield code="c">357937</subfield>
    <subfield code="d">357937</subfield>
  </datafield>
  <controlfield tag="003">IT-MiCISF</controlfield>
  <controlfield tag="005">20180706120308.0</controlfield>
  <controlfield tag="008">180706b           ||||| |||| 00| 0 eng d</controlfield>
  <datafield tag="040" ind1=" " ind2=" ">
    <subfield code="c">IT-MiCISF</subfield>
  </datafield>
  <datafield tag="041" ind1=" " ind2=" ">
    <subfield code="a">it</subfield>
  </datafield>
  <datafield tag="100" ind1=" " ind2=" ">
    <subfield code="a">Novara Daniele, Regoliosi Luigi</subfield>
    <subfield code="9">57292</subfield>
  </datafield>
  <datafield tag="245" ind1=" " ind2=" ">
    <subfield code="a">I bulli non sanno litigare</subfield>
    <subfield code="b">Insegnare ai ragazzi a vivere con gli altri e a rispettarli</subfield>
  </datafield>
  <datafield tag="260" ind1=" " ind2=" ">
    <subfield code="a">Milano</subfield>
    <subfield code="b">Mondadori, Bur Rizzoli</subfield>
    <subfield code="c">2018</subfield>
  </datafield>
  <datafield tag="300" ind1=" " ind2=" ">
    <subfield code="a">pp. 239</subfield>
  </datafield>
  <datafield tag="500" ind1=" " ind2=" ">
    <subfield code="a">bullismo, educazione, scuola, problemi-educazione, prevenzione</subfield>
  </datafield>
  <datafield tag="520" ind1=" " ind2=" ">
    <subfield code="a">I bulli non sanno litigare perch&#xE9; non sono stati educati al conflitto e alla cooperazione. Questa la tesi semplice e al contempo rivoluzionaria che ci aiuta a comprendere un fenomeno che si &#xE8; evoluto insieme alla societ&#xE0; e che presenta oggi nuove problematiche. Troppo spesso insegnanti e educatori non sanno come affrontare i casi di bullismo e non riescono a superare il senso di impotenza, ma la lunga esperienza pedagogica di Novara e psicologica di Regoliosi ci fornisce gli strumenti per orientarci nel vasto mondo dei comportamenti non funzionali e contrastarli prima che condizionino la vita degli uomini e delle donne che saranno i nostri figli, proponendo soluzioni sperimentate in particolare nell&#x2019;ambito scolastico. Con un approfondimento specifico relativo alla moderna frontiera del cyberbullismo, negli ultimi anni in primo piano nel dibattito sociale, la nuova edizione aggiornata di un testo sempre pi&#xF9; attuale, attraverso la quale acquisire un efficace approccio in ottica di prevenzione e riparazione al fenomeno bullismo.</subfield>
  </datafield>
  <datafield tag="650" ind1=" " ind2=" ">
    <subfield code="a">educazione</subfield>
    <subfield code="9">56062</subfield>
  </datafield>
  <datafield tag="654" ind1=" " ind2=" ">
    <subfield code="a">saggio</subfield>
  </datafield>
  <datafield tag="942" ind1=" " ind2=" ">
    <subfield code="2">ddc</subfield>
    <subfield code="c">BK</subfield>
  </datafield>
  <datafield tag="952" ind1=" " ind2=" ">
    <subfield code="0">0</subfield>
    <subfield code="1">0</subfield>
    <subfield code="2">ddc</subfield>
    <subfield code="4">0</subfield>
    <subfield code="6">B_7470_000000000000000</subfield>
    <subfield code="7">1</subfield>
    <subfield code="a">CISF</subfield>
    <subfield code="b">CISF</subfield>
    <subfield code="d">2018-07-06</subfield>
    <subfield code="l">0</subfield>
    <subfield code="o">b7470</subfield>
    <subfield code="p">9788817099028</subfield>
    <subfield code="r">2018-07-06 00:00:00</subfield>
    <subfield code="w">2018-07-06</subfield>
    <subfield code="y">BK</subfield>
  </datafield>
</record>
